LEADER 01334nam0 2200337 i 450 001 SUN0126092 005 20200109101921.843 010 $d0.00 017 70$2N$a9783030106508 100 $a20200109d2019 |0engc50 ba 101 $aeng 102 $aCH 105 $a|||| ||||| 200 1 $a*Thermal Field-Flow Fractionation of Polymers$fGuilaume Greyling, Harald Pasch 205 $aCham : Springer, 2019 210 $aXI$d116 p.$cill. ; 24 cm 215 $aPubblicazione in formato elettronico 410 1$1001SUN0126093$12001 $a*Springer Laboratory$1210 $aCham$cSpringer. 620 $aCH$dCham$3SUNL001889 676 $a540$cChimica generale$v22 676 $a543$cChimica analitica$v22 676 $a620.192$cPolimeri$v22 700 1$aGreyling$b, Guillaume$3SUNV097500$0769891 701 1$aPasch$b, Harald$3SUNV097501$0769892 712 $aSpringer$3SUNV000178$4650 801 $aIT$bSOL$c20200921$gRICA 856 4 $uhttps://link.springer.com/book/10.1007%2F978-3-030-10650-8#toc 912 $aSUN0126092 950 $aUFFICIO DI BIBLIOTECA DEL DIPARTIMENTO DI SCIENZE E TECNOLOGIE AMBIENTALI BIOLOGICHE E FARMACEUTICHE$d17CONS e-book 2113 $e17BIB2113 82 20200109 996 $aThermal Field-Flow Fractionation of Polymers$91570101 997 $aUNICAMPANIA LEADER 00874nam a2200241 i 4500 001 991003062969707536 005 20020503182954.0 008 980519s1987 it ||| | ita 020 $a8811583497 035 $ab10453052-39ule_inst 035 $aEXGIL114531$9ExL 040 $aDip.to di Filol. Ling. e Lett.$bita 100 1 $aDe Roberto, Federico$0152225 245 12$aL'illusione /$cFederico De Roberto ; introduzione di Mario Lavagetto ; presentazione di Sergio Campailla 260 $aMilano :$c1987 300 $axxx, 475 p. ;$c18 cm 700 1 $aCampailla, Sergio 907 $a.b10453052$b21-09-06$c27-06-02 912 $a991003062969707536 945 $aLE008 TS M I 128$g1$i2008000402051$lle008$o-$pE0.00$q-$rl$s- $t0$u0$v0$w0$x0$y.i10525129$z27-06-02 996 $aIllusione$9221384 997 $aUNISALENTO 998 $ale008$b01-01-98$cm$da $e-$fita$git $h2$i1 LEADER 03557nam 22006735 450 001 9910760251603321 005 20251009082134.0 010 $a9783031464027 010 $a3031464028 024 7 $a10.1007/978-3-031-46402-7 035 $a(MiAaPQ)EBC30878254 035 $a(Au-PeEL)EBL30878254 035 $a(CKB)28806318700041 035 $a(OCoLC)1409531524 035 $a(DE-He213)978-3-031-46402-7 035 $a(EXLCZ)9928806318700041 100 $a20231109d2023 u| 0 101 0 $aeng 135 $aurcnu|||||||| 181 $ctxt$2rdacontent 182 $cc$2rdamedia 183 $acr$2rdacarrier 200 10$aData Enclaves /$fby Kean Birch 205 $a1st ed. 2023. 210 1$aCham :$cSpringer Nature Switzerland :$cImprint: Palgrave Macmillan,$d2023. 215 $a1 online resource (146 pages) 225 0 $aSocial Sciences Series 311 08$aPrint version: Birch, Kean Data Enclaves Cham : Palgrave Macmillan,c2023 9783031464010 327 $a1 Introduction -- 2 What is Big Tech? -- 3 The Rise of Data Rentiership -- 4 Emerging Data Enclaves -- 5 Monopoly, Competition, and Emergent Data -- 6 A New Policy Agenda for Data Governance. 330 $aThis book focuses on our increasing dependence upon Big Tech to live, manage, and enjoy our lives. The author examines how we freely exchange our personal data for access to online platforms, services, and devices without proper consideration of the implications of this trade. Our personal data is the defining resource of the emerging digital economy, and it is increasingly concentrated in a few data enclaves controlled by Big Tech firms, cementing an increasingly parasitic form of technoscientific innovation. Big Tech controls access to these data, dictates the terms of our use of their services and products, and controls the future development of key technologies like artificial intelligence. The contention of this book is that we need to rethink our political and policy approach to data governance and to do so requires unpacking the peculiarities of personal data and how personal data are transformed into a valuable asset. Kean Birch is Director of the Institutefor Technoscience & Society and Professor in the Science & Technology Studies Graduate Program at York University, Canada. He has been a Visiting Scholar at Copenhagen Business School and the Munich Center for Technology & Society, Technical University Munich. He is especially interested in understanding how different things are transformed into assets and what this means for our increasingly technoscientific economies and societies. 606 $aScience$xSocial aspects 606 $aEconomics 606 $aPolitical science 606 $aSociology 606 $aHuman geography 606 $aScience and Technology Studies 606 $aPolitical Economy and Economic Systems 606 $aPolitical Science 606 $aSociology 606 $aHuman Geography 615 0$aScience$xSocial aspects. 615 0$aEconomics. 615 0$aPolitical science. 615 0$aSociology. 615 0$aHuman geography. 615 14$aScience and Technology Studies. 615 24$aPolitical Economy and Economic Systems. 615 24$aPolitical Science. 615 24$aSociology. 615 24$aHuman Geography. 676 $a303.4833 700 $aBirch$b Kean$0905131 801 0$bMiAaPQ 801 1$bMiAaPQ 801 2$bMiAaPQ 906 $aBOOK 912 $a9910760251603321 996 $aData Enclaves$93598029 997 $aUNINA